[Event "19. Bosnjaci Open 2014"]
[Site "Bosnjaci CRO"]
[Date "2014.01.04"]
[Round "3.23"]
[White "Grubisic, Ivica"]
[Black "Monjac, Mislav"]
[Result "0-1"]
[WhiteElo "1933"]
[BlackElo "2148"]
[PlyCount "74"]
[EventDate "2014.01.03"]
[EventType "swiss"]
[EventRounds "9"]
[EventCountry "CRO"]
[Source "lmi"]
[SourceDate "2014.01.03"]

1. e4 c5 2. Nf3 d6 3. d4 cxd4 4. Nxd4 Nf6 5. Nc3 g6 6. Be3 Bg7 7. f3 O-O 8. Qd2
Nc6 9. g4 Be6 10. O-O-O Nxd4 11. Bxd4 Qa5 12. a3 Rab8 13. Nb5 Qxd2+ 14. Kxd2 a6
15. Bxf6 Bxf6 16. Nc3 Rfc8 17. h4 Rc5 18. Na4 Ra5 19. Nc3 Rc8 20. Rb1 Bxc3+ 21.
bxc3 Rc7 22. h5 Rxa3 23. hxg6 hxg6 24. Bd3 Kf8 25. Rh8+ Kg7 26. Rbh1 Kf6 27.
Rg1 Bc4 28. g5+ Ke6 29. Rc1 Bb5 30. Bxb5 axb5 31. Rb1 Raxc3 32. Rb3 Rxc2+ 33.
Kd3 R2c5 34. f4 d5 35. exd5+ Rxd5+ 36. Ke3 Kf5 37. Rf8 e5 0-1

[Event "19. Bosnjaci Open 2014"]
[Site "Bosnjaci CRO"]
[Date "2014.01.05"]
[Round "4.1"]
[White "Jovanovic, Zoran2"]
[Black "Kovacevic, Blazimir"]
[Result "1/2-1/2"]
[WhiteElo "2526"]
[BlackElo "2449"]
[PlyCount "35"]
[EventDate "2014.01.03"]
[EventType "swiss"]
[EventRounds "9"]
[EventCountry "CRO"]
[Source "lmi"]
[SourceDate "2014.01.03"]

1. e4 e6 2. d4 d5 3. Nc3 Nc6 4. Nf3 Nf6 5. Bd3 Bb4 6. Bg5 dxe4 7. Bxe4 Qd6 8.
Bxf6 gxf6 9. O-O Bxc3 10. bxc3 f5 11. Bxc6+ bxc6 12. Ne5 O-O 13. Qf3 f6 14. Nd3
Ba6 15. Rfe1 Bc4 16. Nf4 Kh8 17. Qe3 Rg8 18. g3 1/2-1/2

[Event "19. Bosnjaci Open 2014"]
[Site "Bosnjaci CRO"]
[Date "2014.01.05"]
[Round "4.2"]
[White "Rogulj, Branko"]
[Black "Blagojevic, Dragisa"]
[Result "0-1"]
[WhiteElo "2429"]
[BlackElo "2516"]
[PlyCount "76"]
[EventDate "2014.01.03"]
[EventType "swiss"]
[EventRounds "9"]
[EventCountry "CRO"]
[Source "lmi"]
[SourceDate "2014.01.03"]

1. e4 e5 2. Nf3 Nc6 3. Bb5 a6 4. Ba4 Nge7 5. c3 g6 6. d4 exd4 7. cxd4 b5 8. Bb3
Bg7 9. d5 Na5 10. Bd2 c5 11. d6 Nec6 12. Bc3 O-O 13. Bd5 Bb7 14. O-O Qb6 15.
Bxg7 Kxg7 16. Nc3 Rae8 17. Re1 f6 18. e5 fxe5 19. Bxc6 Qxc6 20. Ne4 Rf4 21.
Nfd2 Nc4 22. Nxc4 Rxe4 23. Rxe4 Qxe4 24. Ne3 Qd4 25. Qg4 Qxg4 26. Nxg4 h5 27.
Ne3 Kf6 28. b3 Ke6 29. Rd1 Rc8 30. Kf1 Rc6 31. Rd5 c4 32. bxc4 Rxc4 33. Rd2 Rd4
34. Rxd4 exd4 35. Nc2 Kd5 36. f3 Kc4 37. Ke1 Kc3 38. Kd1 Bd5 0-1

[Event "19. Bosnjaci Open 2014"]
[Site "Bosnjaci CRO"]
[Date "2014.01.05"]
[Round "4.5"]
[White "Dizdarevic, Emir"]
[Black "Sertic, Rudolf"]
[Result "1-0"]
[WhiteElo "2502"]
[BlackElo "2354"]
[PlyCount "115"]
[EventDate "2014.01.03"]
[EventType "swiss"]
[EventRounds "9"]
[EventCountry "CRO"]
[Source "lmi"]
[SourceDate "2014.01.03"]

1. Nf3 d5 2. d4 e6 3. c4 c5 4. cxd5 exd5 5. g3 Nf6 6. Bg2 Nc6 7. O-O Be7 8.
dxc5 Bxc5 9. Qc2 Be7 10. Nc3 O-O 11. Rd1 Qa5 12. Be3 Bg4 13. Qb3 Qa6 14. Qb5
Qxb5 15. Nxb5 Rfd8 16. h3 Bf5 17. Nfd4 Bd7 18. Nc3 Na5 19. Bf4 Rac8 20. Nb3 Nc4
21. Nxd5 Nxd5 22. Rxd5 Nxb2 23. Ra5 Rc2 24. Rxa7 Rxe2 25. Rxb7 Bf6 26. Bf1 Rc2
27. Rc1 Bf5 28. Rxc2 Bxc2 29. Rb8 Rxb8 30. Bxb8 Bb1 31. Nc1 Bd4 32. Be2 Kf8 33.
Bd6+ Ke8 34. Bb4 Kd8 35. Nb3 Bf6 36. a3 Bc2 37. Nd2 Bd4 38. Nf3 Bf6 39. Ne1 Be4
40. f3 Bd4+ 41. Kf1 Bc6 42. Nc2 Bf6 43. Ne3 g6 44. f4 Na4 45. Bc4 Be8 46. Nd5
Bd4 47. Be7+ Kc8 48. Nf6 Bxf6 49. Bxf6 h5 50. Bd4 Kc7 51. Ke2 Kd6 52. Kd3 Nc5+
53. Bxc5+ Kxc5 54. h4 f6 55. Kc3 Bc6 56. Bd3 Be8 57. Bc2 f5 58. Bb3 1-0

[Event "19. Bosnjaci Open 2014"]
[Site "Bosnjaci CRO"]
[Date "2014.01.05"]
[Round "4.6"]
[White "Stocko, Josip"]
[Black "Zaja, Ivan"]
[Result "0-1"]
[WhiteElo "2241"]
[BlackElo "2457"]
[PlyCount "84"]
[EventDate "2014.01.03"]
[EventType "swiss"]
[EventRounds "9"]
[EventCountry "CRO"]
[Source "lmi"]
[SourceDate "2014.01.03"]

1. e4 e6 2. d3 d5 3. Nd2 c5 4. Ngf3 Nc6 5. Be2 g6 6. O-O Bg7 7. Re1 Nge7 8. Bf1
b6 9. c3 Qc7 10. Qc2 O-O 11. Rb1 a5 12. b3 h6 13. a3 g5 14. h3 f5 15. Nh2 d4
16. Bb2 Ng6 17. cxd4 Bxd4 18. Ndf3 Bxb2 19. Rxb2 Qg7 20. Rbb1 g4 21. hxg4 fxg4
22. Nxg4 Rxf3 23. gxf3 Nd4 24. Qd1 Nh4 25. Kh1 Nhxf3 26. Bh3 Nxe1 27. Qxe1 e5
28. Qe3 Bxg4 29. Bxg4 Qf6 30. Rg1 Kh7 31. Rg2 Qh4+ 32. Rh2 Qf6 33. Bf5+ Nxf5
34. exf5 Rg8 35. Qe4 Qg5 36. Rg2 Qxg2+ 37. Qxg2 Rxg2 38. Kxg2 Kg7 39. Kf3 Kf6
40. Ke4 b5 41. f4 exf4 42. Kxf4 h5 0-1

[Event "19. Bosnjaci Open 2014"]
[Site "Bosnjaci CRO"]
[Date "2014.01.05"]
[Round "4.8"]
[White "Leskur, Dejan"]
[Black "Lazor, Vladimir"]
[Result "1/2-1/2"]
[WhiteElo "2395"]
[BlackElo "2194"]
[PlyCount "66"]
[EventDate "2014.01.03"]
[EventType "swiss"]
[EventRounds "9"]
[EventCountry "CRO"]
[Source "lmi"]
[SourceDate "2014.01.03"]

1. e4 c5 2. Nf3 Nc6 3. d4 cxd4 4. Nxd4 Nf6 5. Nc3 g6 6. Nxc6 bxc6 7. e5 Nd5 8.
Ne4 Bg7 9. c4 Nc7 10. f4 O-O 11. Be2 d5 12. exd6 exd6 13. Qxd6 Bf5 14. Qxd8
Raxd8 15. Ng3 Bd3 16. O-O Rfe8 17. Bxd3 Rxd3 18. f5 Bd4+ 19. Kh1 Na6 20. Rb1
Nc5 21. b4 Ne4 22. Nxe4 Rxe4 23. b5 cxb5 24. Rxb5 Bb6 25. f6 Rxc4 26. Re5 Rc8
27. Rfe1 Rdd8 28. Bg5 Bd4 29. Re7 h6 30. Bxh6 Bxf6 31. Rxa7 Ra8 32. Rxa8 Rxa8
33. Re2 g5 1/2-1/2

[Event "19. Bosnjaci Open 2014"]
[Site "Bosnjaci CRO"]
[Date "2014.01.05"]
[Round "4.9"]
[White "Videnova, Iva"]
[Black "Mrkonjic, Nenad"]
[Result "1/2-1/2"]
[WhiteElo "2275"]
[BlackElo "2376"]
[PlyCount "178"]
[EventDate "2014.01.03"]
[EventType "swiss"]
[EventRounds "9"]
[EventCountry "CRO"]
[Source "lmi"]
[SourceDate "2014.01.03"]

1. e4 e5 2. Nf3 Nf6 3. Nxe5 d6 4. Nf3 Nxe4 5. Nc3 Nxc3 6. dxc3 Be7 7. Be3 Nd7
8. Qd2 Ne5 9. O-O-O Nxf3 10. gxf3 Be6 11. Kb1 Bf6 12. a3 a6 13. Bd3 Qd7 14. h4
O-O-O 15. Bg5 Qe7 16. Qf4 h6 17. Bxf6 Qxf6 18. Qxf6 gxf6 19. Rhg1 Kd7 20. Kc1
f5 21. f4 Ke7 22. Rg3 Kf6 23. Be2 Bd7 24. Bf3 b6 25. Bd5 Rhg8 26. Rdg1 Rg4 27.
Rxg4 fxg4 28. Re1 Rg8 29. Re3 a5 30. Kd2 c6 31. Be4 Re8 32. b4 d5 33. Bd3 Rxe3
34. Kxe3 c5 35. bxa5 bxa5 36. Ba6 Bf5 37. Bb7 Be6 38. h5 Ke7 39. f5 Bxf5 40.
Bxd5 Be6 41. Bb7 f5 42. Kf4 Kf6 43. Ba6 Bd7 44. Bd3 Be6 45. Ba6 Bf7 46. Bc8
Bxh5 47. Bxf5 Bg6 48. Bxg4 Bxc2 49. Bc8 Bg6 50. Bg4 Be8 51. Bc8 Bc6 52. Bh3 Bd5
53. Bg4 Be6 54. Bh5 Bf5 55. Be8 Bc2 56. Bd7 Bb3 57. Bg4 Bf7 58. Bc8 Bh5 59. Bh3
Be2 60. Bc8 Bd3 61. Bh3 Bb5 62. Bg4 Ba4 63. Bc8 Bb3 64. Bg4 Ba2 65. Bc8 Bb1 66.
Bg4 Bd3 67. Bc8 Bh7 68. Bg4 Bg8 69. Bc8 Be6 70. Bb7 Bh3 71. Bd5 Bf1 72. Bg8 Be2
73. Bd5 Ba6 74. Bg8 Bc8 75. Bd5 Bd7 76. Bc4 Bf5 77. Bd5 Bd3 78. Bg8 Bc2 79. Bd5
Bd1 80. Bc4 Ba4 81. Bd5 Bd7 82. Bc4 Bc8 83. Bd5 Bh3 84. Bc4 Be6 85. Be2 Bc8 86.
Bc4 Bd7 87. Bd5 Bf5 88. Bb7 Be6 89. Bf3 Bd7 1/2-1/2

[Event "19. Bosnjaci Open 2014"]
[Site "Bosnjaci CRO"]
[Date "2014.01.05"]
[Round "4.10"]
[White "Zufic, Miroslav"]
[Black "Patarcic, Domagoj"]
[Result "1-0"]
[WhiteElo "2466"]
[BlackElo "2096"]
[PlyCount "113"]
[EventDate "2014.01.03"]
[EventType "swiss"]
[EventRounds "9"]
[EventCountry "CRO"]
[Source "lmi"]
[SourceDate "2014.01.03"]

1. e4 Nc6 2. Nf3 d5 3. exd5 Qxd5 4. Nc3 Qa5 5. Bb5 Bg4 6. h3 Bd7 7. d4 e6 8.
Bd2 Bb4 9. Bc4 Nf6 10. a3 Bxc3 11. Bxc3 Qh5 12. Qe2 Nd5 13. Bd2 O-O 14. O-O-O
f6 15. Bb3 b5 16. Qxb5 Ne5 17. Qe2 Nxf3 18. Qxf3 Qxf3 19. gxf3 Bc6 20. Rhg1 Kf7
21. Rde1 Rfe8 22. h4 Nb6 23. Re3 Bd5 24. Bxd5 Nxd5 25. Rb3 Rab8 26. Rxb8 Rxb8
27. c4 Ne7 28. h5 Nf5 29. Bc3 Nd6 30. c5 Nf5 31. Kc2 Rd8 32. Rg4 Rd5 33. b4 Nh6
34. Rh4 Nf5 35. Re4 a6 36. Kb3 Ne7 37. h6 gxh6 38. Ka4 Rf5 39. f4 h5 40. Ka5 h4
41. Kxa6 h3 42. Re3 Rh5 43. Re1 h2 44. Rh1 Rh3 45. Bb2 Rb3 46. Bc1 Rb1 47. Kb7
Nd5 48. f5 exf5 49. Kc6 Nc3 50. Kxc7 Nb5+ 51. Kd7 Nxd4 52. c6 Nf3 53. c7 Rxc1
54. Rxc1 Ng1 55. c8=Q h1=Q 56. Qe8+ Kg7 57. Rc7 1-0

[Event "19. Bosnjaci Open 2014"]
[Site "Bosnjaci CRO"]
[Date "2014.01.05"]
[Round "4.11"]
[White "Babic, Andrija"]
[Black "Plenkovic, Zdenko"]
[Result "0-1"]
[WhiteElo "2091"]
[BlackElo "2404"]
[PlyCount "128"]
[EventDate "2014.01.03"]
[EventType "swiss"]
[EventRounds "9"]
[EventCountry "CRO"]
[Source "lmi"]
[SourceDate "2014.01.03"]

1. e4 c5 2. Nf3 Nc6 3. d4 cxd4 4. Nxd4 Qc7 5. Be2 Nf6 6. Nc3 e6 7. O-O a6 8.
Be3 h5 9. f4 Ng4 10. Bxg4 hxg4 11. Qxg4 b5 12. a3 Bb7 13. Nxc6 Bxc6 14. Bd4 Rh7
15. Qg3 Qb7 16. Qd3 Be7 17. Rf2 O-O-O 18. Re1 Rdh8 19. g3 Bd8 20. Nd1 Bc7 21.
b3 f6 22. Ree2 Rh3 23. Kf1 R8h5 24. Ke1 Qb8 25. Kd2 Kb7 26. Kc1 Qh8 27. Qd2 Qh7
28. Nc3 Ba5 29. e5 f5 30. Be3 Qh8 31. Qd4 Qa8 32. a4 Rh8 33. b4 Bc7 34. a5 Qb8
35. Rd2 Ka8 36. Nd1 Rc8 37. Nb2 Bd5 38. Nd3 d6 39. exd6 Bxd6 40. Qxg7 Rc7 41.
Qd4 Rc4 42. Qf6 Rh7 43. Nc5 Qc8 44. Rxd5 Be7 45. Qg6 Qh8 46. Qxe6 Bxc5 47. Bxc5
Qa1+ 48. Kd2 Qc3+ 49. Kd1 Qa1+ 50. Ke2 Re4+ 51. Qxe4 fxe4 52. Ke3 Qe1+ 53. Re2
Qc3+ 54. Kxe4 Qc4+ 55. Kf5 Qxe2 56. g4 Rf7+ 57. Kg5 Rg7+ 58. Kf6 Qxg4 59. f5
Rh7 60. Bf8 Qg8 61. Rd8+ Kb7 62. Ke5 Rf7 63. Rd6 Qxf8 64. f6 Qxd6+ 0-1

[Event "19. Bosnjaci Open 2014"]
[Site "Bosnjaci CRO"]
[Date "2014.01.05"]
[Round "4.12"]
[White "Burovic, Ismet"]
[Black "Novak, Ksenija"]
[Result "1-0"]
[WhiteElo "2372"]
[BlackElo "2069"]
[PlyCount "91"]
[EventDate "2014.01.03"]
[EventType "swiss"]
[EventRounds "9"]
[EventCountry "CRO"]
[Source "lmi"]
[SourceDate "2014.01.03"]

1. e4 d6 2. f4 e5 3. d3 Nc6 4. Nf3 Nf6 5. Be2 Be7 6. O-O O-O 7. c4 Nd4 8. Nxd4
exd4 9. g4 c6 10. Nd2 a6 11. Kh1 b5 12. b3 Bb7 13. g5 Nd7 14. Nf3 c5 15. f5 Re8
16. h4 Ne5 17. Nxe5 dxe5 18. f6 Bf8 19. fxg7 Bxg7 20. Bg4 Bc8 21. Bd2 Bxg4 22.
Qxg4 Qc8 23. Rf5 Ra7 24. h5 Qc6 25. Rf6 Re6 26. Rc1 b4 27. a3 a5 28. a4 Rc7 29.
Be1 Rxf6 30. gxf6 Qxf6 31. Bh4 Qf4 32. Qxf4 exf4 33. Rf1 Be5 34. Bg5 f6 35.
Bxf4 Rg7 36. Bh6 Rg3 37. Rg1 Kf7 38. Rxg3 Bxg3 39. Kg2 Bd6 40. Kf3 Ke6 41. Kg4
Be7 42. Bf4 Bd8 43. Bb8 Bb6 44. Kf4 Bd8 45. Ba7 Bc7+ 46. Kg4 1-0

[Event "19. Bosnjaci Open 2014"]
[Site "Bosnjaci CRO"]
[Date "2014.01.05"]
[Round "4.13"]
[White "Perisic, Robert"]
[Black "Armanda, Ivica"]
[Result "0-1"]
[WhiteElo "2064"]
[BlackElo "2368"]
[PlyCount "90"]
[EventDate "2014.01.03"]
[EventType "swiss"]
[EventRounds "9"]
[EventCountry "CRO"]
[Source "lmi"]
[SourceDate "2014.01.03"]

1. d4 Nf6 2. c4 g6 3. Nf3 Bg7 4. g3 O-O 5. Bg2 d6 6. O-O Nc6 7. Nc3 Bf5 8. Re1
Ne4 9. Nh4 Nxc3 10. bxc3 Bd7 11. Rb1 Rb8 12. e4 Na5 13. Qd3 c5 14. Be3 b6 15.
Nf3 Qc7 16. Nd2 a6 17. Bg5 Rfe8 18. Nb3 h6 19. Bc1 Nc6 20. Bf4 e5 21. Be3 a5
22. dxc5 dxc5 23. Red1 Be6 24. Qd6 Qc8 25. Qd3 a4 26. Nd2 Na5 27. Bf1 Rd8 28.
Qc2 Qc6 29. Qb2 Rd6 30. Qb5 Qxb5 31. Rxb5 Nxc4 32. Bxc4 Bxc4 33. Rb2 a3 34.
Rbb1 Rbd8 35. Rdc1 Bxa2 36. Rb5 Be6 37. Ra1 Rxd2 38. Bxd2 Rxd2 39. Rxa3 Rd1+
40. Kg2 Bc4 41. Rxb6 Bf1+ 42. Kf3 Rd3+ 43. Kg4 h5+ 44. Kg5 Kh7 45. Ra7 Rf3 0-1

[Event "19. Bosnjaci Open 2014"]
[Site "Bosnjaci CRO"]
[Date "2014.01.05"]
[Round "4.14"]
[White "Petrusic, Toni"]
[Black "Sribar, Peter"]
[Result "1-0"]
[WhiteElo "2302"]
[BlackElo "2047"]
[PlyCount "113"]
[EventDate "2014.01.03"]
[EventType "swiss"]
[EventRounds "9"]
[EventCountry "CRO"]
[Source "lmi"]
[SourceDate "2014.01.03"]

1. e4 c5 2. Nf3 d6 3. d3 g6 4. g3 Bg7 5. Bg2 Nc6 6. O-O e5 7. c3 Nge7 8. Be3
O-O 9. d4 exd4 10. cxd4 Bg4 11. dxc5 dxc5 12. Nbd2 b6 13. Rb1 Qd7 14. Qa4 Rad8
15. a3 Nd4 16. Qxd7 Rxd7 17. b4 Nc2 18. bxc5 Nxe3 19. fxe3 bxc5 20. Rfc1 Rc8
21. Nc4 Nc6 22. Rb5 Be6 23. Bf1 Bf8 24. Kf2 Rcd8 25. Be2 f6 26. Rc2 Be7 27.
Nfd2 Ne5 28. Nb3 Nxc4 29. Bxc4 Bxc4 30. Rxc4 Rd1 31. Rb7 Bf8 32. Rxa7 Rh1 33.
Kg2 Rb1 34. Rc3 Rb8 35. Nc1 R8b2+ 36. Kf3 Rxh2 37. e5 fxe5 38. Nd3 Rf1+ 39. Ke4
Rg2 40. Nxe5 Rxg3 41. Ra8 Kg7 42. Rd3 c4 43. Rd7+ Kh6 44. Nf7+ Rxf7 45. Rxf7
Bc5 46. Kd5 Bxe3 47. Kxc4 Bc1 48. a4 Ra3 49. Raa7 g5 50. Kb4 g4 51. Rxh7+ Kg5
52. Rh1 Ra1 53. Kb3 g3 54. Rg1 Ra3+ 55. Kb4 Bb2 56. Rg2 Bc1 57. Rc7 1-0

[Event "19. Bosnjaci Open 2014"]
[Site "Bosnjaci CRO"]
[Date "2014.01.05"]
[Round "4.15"]
[White "Caric, Mato"]
[Black "Bobanac, Miro"]
[Result "1/2-1/2"]
[WhiteElo "2045"]
[BlackElo "2285"]
[PlyCount "79"]
[EventDate "2014.01.03"]
[EventType "swiss"]
[EventRounds "9"]
[EventCountry "CRO"]
[Source "lmi"]
[SourceDate "2014.01.03"]

1. e4 c5 2. Nf3 e6 3. d4 cxd4 4. Nxd4 a6 5. Nc3 b5 6. a3 Bb7 7. Bd3 Qc7 8. O-O
Nf6 9. Kh1 Nc6 10. Nxc6 dxc6 11. f4 c5 12. e5 Nd5 13. Nxd5 Bxd5 14. Qe2 c4 15.
Be4 Rd8 16. Bxd5 Rxd5 17. Be3 Be7 18. Rad1 Rxd1 19. Rxd1 O-O 20. h3 Rd8 21.
Rxd8+ Qxd8 22. Qd2 f6 23. exf6 gxf6 24. Qxd8+ Bxd8 25. g4 f5 26. Kg2 a5 27. Kf3
Kf7 28. Bc5 Bf6 29. b3 cxb3 30. cxb3 a4 31. bxa4 bxa4 32. Ke3 Kg6 33. Kf3 Bb2
34. Bd6 Bc1 35. Ke2 fxg4 36. hxg4 h5 37. gxh5+ Kxh5 38. Kf3 Kg6 39. Ke4 Kf6 40.
Bb4 1/2-1/2

[Event "19. Bosnjaci Open 2014"]
[Site "Bosnjaci CRO"]
[Date "2014.01.05"]
[Round "4.16"]
[White "Petricevic, Ivan"]
[Black "Abdil, Halil"]
[Result "0-1"]
[WhiteElo "2031"]
[BlackElo "2263"]
[PlyCount "50"]
[EventDate "2014.01.03"]
[EventType "swiss"]
[EventRounds "9"]
[EventCountry "CRO"]
[Source "lmi"]
[SourceDate "2014.01.03"]

1. d4 Nf6 2. Nc3 d5 3. Bg5 Nbd7 4. Nf3 g6 5. h4 Bg7 6. e3 c6 7. Be2 O-O 8. h5
Nxh5 9. e4 dxe4 10. Nxe4 Ndf6 11. Nxf6+ Nxf6 12. Ne5 Nd7 13. Nxf7 Rxf7 14. Bc4
Nf8 15. Bxf7+ Kxf7 16. Rh4 Qd5 17. Qd2 Qxg2 18. O-O-O Bf5 19. Re1 e6 20. Qf4
Qd5 21. Qc7+ Qd7 22. Qxd7+ Nxd7 23. Rxh7 Rh8 24. Reh1 Rxh7 25. Rxh7 Nf6 0-1

[Event "19. Bosnjaci Open 2014"]
[Site "Bosnjaci CRO"]
[Date "2014.01.05"]
[Round "4.17"]
[White "Matanovic, Zlatko"]
[Black "Bosnjak, Nino"]
[Result "0-1"]
[WhiteElo "2009"]
[BlackElo "2212"]
[PlyCount "70"]
[EventDate "2014.01.03"]
[EventType "swiss"]
[EventRounds "9"]
[EventCountry "CRO"]
[Source "lmi"]
[SourceDate "2014.01.03"]

1. e4 c6 2. d4 d5 3. e5 Bf5 4. Bd3 Bxd3 5. Qxd3 e6 6. Ne2 Qa5+ 7. c3 Qa6 8. Qc2
Nd7 9. O-O Rc8 10. Be3 c5 11. f4 Nh6 12. h3 Nf5 13. Bf2 h5 14. Re1 Qb6 15. Qd2
Nb8 16. Na3 Nc6 17. Nc2 h4 18. Ne3 Ng3 19. Bxg3 cxd4 20. Bf2 dxe3 21. Bxe3 Bc5
22. Bxc5 Qxc5+ 23. Nd4 Nxd4 24. Qxd4 Qxd4+ 25. cxd4 Rc4 26. Rac1 Kd7 27. Rxc4
dxc4 28. Kf2 Kc6 29. Ke3 Kd5 30. Rc1 b5 31. b3 Rc8 32. Rc3 b4 33. bxc4+ Rxc4
34. Rxc4 Kxc4 35. Ke4 g6 0-1

[Event "19. Bosnjaci Open 2014"]
[Site "Bosnjaci CRO"]
[Date "2014.01.05"]
[Round "4.18"]
[White "Zivkovic, Nikola"]
[Black "Macanga, Branko"]
[Result "1-0"]
[WhiteElo "2204"]
[BlackElo "2047"]
[PlyCount "119"]
[EventDate "2014.01.03"]
[EventType "swiss"]
[EventRounds "9"]
[EventCountry "CRO"]
[Source "lmi"]
[SourceDate "2014.01.03"]

1. e4 Nf6 2. e5 Nd5 3. d4 d6 4. Nf3 Bg4 5. Be2 c6 6. c4 Nb6 7. exd6 exd6 8. O-O
Be7 9. Nbd2 O-O 10. h3 Bh5 11. Re1 Re8 12. Qb3 N8d7 13. Nf1 Bf6 14. Be3 c5 15.
d5 Qc7 16. g4 Bg6 17. Ng3 h6 18. g5 hxg5 19. Nxg5 Re5 20. h4 Rae8 21. Kg2 Bxg5
22. hxg5 f6 23. gxf6 Nxf6 24. Bd3 Qf7 25. Qc2 Be4+ 26. Nxe4 Nxe4 27. Rh1 Qg6+
28. Kf1 Qg4 29. Be2 Qf5 30. Ke1 Ng3 31. Qxf5 Nxf5 32. Bd3 Nxe3 33. fxe3 Rxe3+
34. Kd2 R3e5 35. Raf1 g5 36. Rf6 R8e7 37. Rxd6 g4 38. Rg1 Rg5 39. Rg3 Kg7 40.
b3 Kf7 41. Rh6 Kg7 42. Rh4 Nd7 43. Rhxg4 Rxg4 44. Rxg4+ Kf6 45. Rg6+ Ke5 46.
Kc3 Rf7 47. Re6+ Kf4 48. a3 Ne5 49. b4 Nxd3 50. Kxd3 cxb4 51. axb4 Rd7 52. Kd4
b6 53. Rf6+ Kg5 54. Rf1 Rh7 55. d6 Rh2 56. Kd5 Rd2+ 57. Kc6 a5 58. bxa5 bxa5
59. d7 a4 60. Kc7 1-0

[Event "19. Bosnjaci Open 2014"]
[Site "Bosnjaci CRO"]
[Date "2014.01.05"]
[Round "4.19"]
[White "Ljikar, Zoran"]
[Black "Blagojevic, Tijana"]
[Result "0-1"]
[WhiteElo "2180"]
[BlackElo "2006"]
[PlyCount "106"]
[EventDate "2014.01.03"]
[EventType "swiss"]
[EventRounds "9"]
[EventCountry "CRO"]
[Source "lmi"]
[SourceDate "2014.01.03"]

1. e4 e5 2. Nf3 Nc6 3. Bc4 Bc5 4. d3 Nf6 5. O-O O-O 6. Re1 d6 7. c3 a6 8. a4
Ba7 9. Nbd2 Ng4 10. Re2 Kh8 11. h3 Nh6 12. Nf1 f5 13. Bxh6 gxh6 14. exf5 Bxf5
15. Bd5 Qd7 16. Qd2 Qg7 17. Kh2 Bg6 18. Rd1 Rf6 19. d4 exd4 20. cxd4 Bh5 21.
Qc3 Raf8 22. Ng3 Bxf3 23. Bxf3 Nxd4 24. Nh5 Nxe2 25. Bxe2 Qe7 26. Nxf6 Qxf6 27.
Bf3 Qxc3 28. bxc3 c6 29. Re1 Rf7 30. Bh5 Rc7 31. f4 d5 32. f5 Bc5 33. Re6 Re7
34. Rxh6 Kg7 35. Re6 Rxe6 36. fxe6 Kf6 37. Bg4 Bd6+ 38. g3 Be5 39. Kg2 Bxc3 40.
Bf5 h6 41. Kf3 b5 42. axb5 axb5 43. h4 Be1 44. h5 b4 45. g4 Bh4 46. Ke3 c5 47.
Kd3 Ke5 48. Kc2 c4 49. Kd2 d4 50. Bh7 b3 51. e7 Bxe7 52. Bg8 c3+ 53. Kd3 c2 0-1

[Event "19. Bosnjaci Open 2014"]
[Site "Bosnjaci CRO"]
[Date "2014.01.05"]
[Round "4.20"]
[White "Mutapcic, Ilija"]
[Black "Sargac, Rajna"]
[Result "0-1"]
[WhiteElo "1856"]
[BlackElo "2172"]
[PlyCount "52"]
[EventDate "2014.01.03"]
[EventType "swiss"]
[EventRounds "9"]
[EventCountry "CRO"]
[Source "lmi"]
[SourceDate "2014.01.03"]

1. d4 e6 2. Nf3 f5 3. Nc3 d5 4. Bg5 Nf6 5. g3 Be7 6. Bxf6 Bxf6 7. Bg2 O-O 8.
O-O Nd7 9. e3 c6 10. Ne2 b6 11. Rc1 Ba6 12. Re1 Rc8 13. b3 Qe7 14. c4 Rfd8 15.
Qc2 Bb7 16. a4 c5 17. Nf4 g5 18. Nd3 dxc4 19. bxc4 Be4 20. Qe2 Nb8 21. Nfe5
cxd4 22. exd4 Rxd4 23. Bxe4 fxe4 24. Qe3 Rcd8 25. Ng4 exd3 26. Nh6+ Kg7 0-1

[Event "19. Bosnjaci Open 2014"]
[Site "Bosnjaci CRO"]
[Date "2014.01.06"]
[Round "5.1"]
[White "Blagojevic, Dragisa"]
[Black "Jovanovic, Zoran2"]
[Result "1/2-1/2"]
[WhiteElo "2516"]
[BlackElo "2526"]
[PlyCount "21"]
[EventDate "2014.01.03"]
[EventType "swiss"]
[EventRounds "9"]
[EventCountry "CRO"]
[Source "lmi"]
[SourceDate "2014.01.03"]

1. d4 Nf6 2. c4 g6 3. Nf3 Bg7 4. g3 c5 5. Bg2 O-O 6. O-O cxd4 7. Nxd4 d5 8.
cxd5 Nxd5 9. Nc3 Nxc3 10. bxc3 Qc7 11. Qb3 1/2-1/2

[Event "19. Bosnjaci Open 2014"]
[Site "Bosnjaci CRO"]
[Date "2014.01.06"]
[Round "5.2"]
[White "Fercec, Nenad"]
[Black "Kuljasevic, Davorin"]
[Result "1/2-1/2"]
[WhiteElo "2473"]
[BlackElo "2580"]
[PlyCount "88"]
[EventDate "2014.01.03"]
[EventType "swiss"]
[EventRounds "9"]
[EventCountry "CRO"]
[Source "lmi"]
[SourceDate "2014.01.03"]

1. e4 e5 2. Nf3 Nc6 3. Bc4 Bc5 4. O-O Nf6 5. d3 O-O 6. c3 d6 7. Nbd2 a5 8. Re1
h6 9. Nf1 Be6 10. Ng3 Bxc4 11. dxc4 Ne7 12. h3 Qc8 13. Nh4 Qe6 14. Qf3 Kh7 15.
Nhf5 Nfg8 16. Nxe7 Nxe7 17. Nf5 Ng8 18. Qd3 g6 19. Ng3 Nf6 20. Qd2 Ng8 21. Qd3
a4 22. Be3 Bxe3 23. Rxe3 Ra6 24. Re2 Nf6 25. Kh2 Nd7 26. Rb1 Nc5 27. Qd5 Qxd5
28. cxd5 f5 29. exf5 gxf5 30. f4 e4 31. Nf1 Nd3 32. g3 h5 33. Ne3 Rb6 34. b4
axb3 35. axb3 Ra6 36. Rf1 Ra3 37. g4 fxg4 38. f5 Ne5 39. hxg4 Nxg4+ 40. Nxg4
hxg4 41. Rxe4 Rxb3 42. Rxg4 Rxc3 43. f6 Re3 44. Kg2 Re2+ 1/2-1/2

[Event "19. Bosnjaci Open 2014"]
[Site "Bosnjaci CRO"]
[Date "2014.01.06"]
[Round "5.5"]
[White "Abdil, Halil"]
[Black "Zufic, Miroslav"]
[Result "0-1"]
[WhiteElo "2263"]
[BlackElo "2466"]
[PlyCount "46"]
[EventDate "2014.01.03"]
[EventType "swiss"]
[EventRounds "9"]
[EventCountry "CRO"]
[Source "lmi"]
[SourceDate "2014.01.03"]

1. e4 c5 2. Nf3 d6 3. d4 cxd4 4. Nxd4 Nf6 5. Nc3 a6 6. Bg5 Nbd7 7. f4 Qa5 8.
Qf3 h6 9. Bh4 e5 10. Nb3 Qc7 11. f5 b5 12. Bd3 Be7 13. Bf2 b4 14. Nd5 Nxd5 15.
exd5 Nf6 16. O-O Bb7 17. Be4 a5 18. a3 O-O 19. Nd2 Rfc8 20. Rfc1 Nxe4 21. Qxe4
Bg5 22. Qd3 Ba6 23. c4 bxc3 0-1

[Event "19. Bosnjaci Open 2014"]
[Site "Bosnjaci CRO"]
[Date "2014.01.06"]
[Round "5.6"]
[White "Bosnjak, Nino"]
[Black "Leventic, Ivan"]
[Result "1/2-1/2"]
[WhiteElo "2212"]
[BlackElo "2457"]
[PlyCount "120"]
[EventDate "2014.01.03"]
[EventType "swiss"]
[EventRounds "9"]
[EventCountry "CRO"]
[Source "lmi"]
[SourceDate "2014.01.03"]

1. d4 d5 2. c4 dxc4 3. e3 c5 4. Bxc4 cxd4 5. exd4 e6 6. Nf3 Bb4+ 7. Nc3 Nf6 8.
O-O O-O 9. Bg5 a6 10. Qe2 b5 11. Bb3 Bb7 12. Rfd1 Bxc3 13. bxc3 Nbd7 14. Ne5
Qc7 15. Rac1 Nxe5 16. Qxe5 Qc6 17. f3 Nd5 18. c4 bxc4 19. Rxc4 Qb6 20. Qe1 Rac8
21. Rdc1 Rxc4 22. Rxc4 Rc8 23. Qc1 Rxc4 24. Qxc4 Qa5 25. h3 Qe1+ 26. Kh2 h6 27.
Qc1 Qf2 28. Qd2 Qf1 29. Bh4 f6 30. Qe1 Qxe1 31. Bxe1 Kf7 32. Kg1 Nf4 33. Bc4
Bd5 34. Bxa6 Bxa2 35. Bd2 g5 36. Bf1 Ng6 37. g3 Bd5 38. Kf2 Ne7 39. Bd3 Nc6 40.
Bc3 f5 41. Bb5 Ne7 42. Bd2 Kf6 43. f4 g4 44. h4 Bc6 45. Bc4 Kf7 46. Bb4 Ng8 47.
Ba5 Nf6 48. Bd3 Be4 49. Bc4 Bc2 50. Ba6 Ne4+ 51. Kg2 Bd1 52. Kh2 Bf3 53. Bd3
Nf6 54. Bd8 Nd5 55. Kg1 Nb4 56. Bc4 Nc2 57. Bb6 Ne3 58. Bb3 Bd5 59. Kf2 Bxb3
60. Kxe3 Bd5 1/2-1/2

[Event "19. Bosnjaci Open 2014"]
[Site "Bosnjaci CRO"]
[Date "2014.01.06"]
[Round "5.7"]
[White "Lazor, Vladimir"]
[Black "Rogulj, Branko"]
[Result "1-0"]
[WhiteElo "2194"]
[BlackElo "2429"]
[PlyCount "49"]
[EventDate "2014.01.03"]
[EventType "swiss"]
[EventRounds "9"]
[EventCountry "CRO"]
[Source "lmi"]
[SourceDate "2014.01.03"]

1. e4 Nf6 2. e5 Nd5 3. d4 d6 4. c4 Nb6 5. f4 Bf5 6. Nf3 e6 7. Nc3 Be7 8. Be3
O-O 9. Bd3 Bxd3 10. Qxd3 d5 11. b3 dxc4 12. bxc4 Nc6 13. O-O Na5 14. Nd2 Qd7
15. f5 exf5 16. d5 g6 17. c5 Na4 18. d6 cxd6 19. cxd6 Nxc3 20. Qxc3 Bd8 21. Bh6
Bb6+ 22. Kh1 Rfc8 23. Qh3 Nc6 24. Ne4 Bd8 25. Nc5 1-0